000 01047nas a2200289 4500
001 BR8706248
003 BR-BrBNA
005 20231205090843.0
007 ta
008 230509b bl.|||p| |||| 00| 00por d
040 _aBR-BrBNA
_bpor
_cBiblioteca Nacional de Agricultura
041 _a(Pt)
072 _aH10
100 1 _aMenezes, E.B.
100 1 _aCassino, P.C.R.
100 1 _aAlves, J.E.M.
100 1 _aLima, E.R. de
245 1 _aAssociacao de lepidopteros desfolhadores com plantas do genero Eucalyptus em areas reflorestadas na regiao de Aracruz, Espirito Santo
246 1 _aAssociation of defoliating lepidopterous with plants of the genus Eucalyptus in reforested areas in the region of Aracruz (Espirito Santo)
650 _aEUCALIPTO
650 _aLEPIDOPTERO
650 _aARMADILHA LUMINOSA
650 _aESPIRITO SANTO
773 0 _tAnais da Sociedade Entomologica do Brasil (Brazil)
_xISSN 0301-8059
_g(1986), v. 15(2) p. 181-188
_wBR8706248
909 _a202311
_bLúcia
_c55
_dLúcia Elande
942 _2AGRIS
_n0
_cANA
999 _c121255
_d121255